|
|
|
|
| LEADER |
00000nam0a2200000 4500 |
| 001 |
363874 |
| 005 |
20231102011631.0 |
| 035 |
|
|
|a (RuTPU)RU\TPU\retro\21221
|
| 090 |
|
|
|a 363874
|
| 100 |
|
|
|a 20211014d1981 km y0rusy50 ca
|
| 101 |
0 |
|
|a rus
|
| 102 |
|
|
|a UA
|
| 105 |
|
|
|a a z 001zy
|
| 200 |
1 |
|
|a Точность радиоэлектронных измерительных систем
|f Л. С. Беляевский, В. Г. Черкашин
|
| 210 |
|
|
|a Киев
|c Технiка
|d 1981
|
| 215 |
|
|
|a 136 с.
|c ил.
|
| 320 |
|
|
|a Библиогр.: с. 132-135
|
| 606 |
1 |
|
|a Радиоэлектронные системы измерительные
|2 stltpush
|3 (RuTPU)RU\TPU\subj\56320
|9 74232
|
| 610 |
1 |
|
|a радиотехнические измерения
|
| 610 |
1 |
|
|a потенциальная точность
|
| 610 |
1 |
|
|a измеряемые параметры
|
| 610 |
1 |
|
|a пространственные определения
|
| 610 |
1 |
|
|a точность
|
| 610 |
1 |
|
|a точностные характеристики
|
| 610 |
1 |
|
|a улучшение
|
| 675 |
|
|
|a 621.396.6
|v 4
|
| 700 |
|
1 |
|a Беляевский
|b Л. С.
|g Леонид Степанович
|
| 701 |
|
1 |
|a Черкашин
|b В. Г.
|g Виталий Гаврилович
|
| 801 |
|
1 |
|a RU
|b 63413507
|c 20211014
|
| 801 |
|
2 |
|a RU
|b 63413507
|c 20211014
|g RCR
|
| 942 |
|
|
|c BK
|